Un modelo para evaluar la eficacia y eficiencia del sistema de aseguramiento de la calidad de la Educación Superior en Colombia-SACES

Saved in:
Bibliografiske detaljer
Andre forfattere: Luis Fernando Páramo Jiménez (Asistente de Investigación), Alexandra Bustamante (Monitora)
Format: Bog
Sprog:Spanish
Udgivet: Bogotá (Colombia): Universidad Pedagógica Nacional, CIUP, 2013
Fag:
Online adgang:Enlace del recurso
Tags: Tilføj Tag
Ingen Tags, Vær først til at tagge denne postø!

MARC

LEADER 00000nam a22000007a 4500
003 OSt
005 20170801085308.0
008 170801b2013 ck ||||| |||| 00| 0 spa d
020 |a 9789588650593 
040 |c CNA-IDEP 
082 |a 378.007  |b M633 
130 |a Un modelo para evaluar la eficacia y eficiencia del sistema de aseguramiento de la calidad de la Educación Superior en Colombia-SACES  |9 2900 
245 1 3 |a Un modelo para evaluar la eficacia y eficiencia del sistema de aseguramiento de la calidad de la Educación Superior en Colombia-SACES  |c Mireya Ardila Rodríguez, Oscar Holguín Villamil: Investigadores 
260 |a Bogotá (Colombia):  |b Universidad Pedagógica Nacional,  |b CIUP,  |c 2013 
300 |a 156 p.  |b Tablas, Gráficos 
500 |a Incluye Anexos 
504 |a Incluye Bibliografía. 
650 |a Calidad de la Educación  |9 2901 
650 |a Educación Superior  |z Colombia  |9 1259 
650 |a Educación Superior  |x Investigaciones  |9 1304 
700 |a Luis Fernando Páramo Jiménez  |e Asistente de Investigación  |9 2902 
700 |a Alexandra Bustamante  |e Monitora  |9 2903 
942 |2 ddc  |c BK 
999 |c 5222  |d 5222 
856 |u https://catalogo.idep.edu.co/cgi-bin/koha/opac-detail.pl?biblionumber=5222  |z Enlace del recurso